000 00398nam a22001457a 4500
999 _c7731
_d7729
005 20210323113121.0
008 210323b ||||| |||| 00| 0 eng d
082 _a346.066
100 _aAIYAR, A.N.
_96466
245 _aCOMPANY CASES THE CORPORATE LAW WEEKLY [VOL-215]
260 _aCHENNAI
_bCOMPANY LAW INSTITUTE OF INDIA
_c2019
300 _a536,i-xxviii;p
650 _aLAW
_95701
942 _cJRL